Introduction to partial differential equations: A computational approach (Record no. 26124)

MARC details
000 -LEADER
fixed length control field 00495nam a2200169Ia 4500
008 - FIXED-LENGTH DATA ELEMENTS--GENERAL INFORMATION
fixed length control field 230917s9999||||xx |||||||||||||| ||und||
020 ## - ISBN
Price RS1190
040 ## - CATALOGING SOURCE
-- 246038
Original cataloging agency VIVEKANANDA LIBRARY
041 ## - Language
-- English
082 ## - DDC NUMBER
Classification number 515.353 T899I
100 ## - MAIN ENTRY--PERSONAL NAME
Personal name Tveito, Aslak
245 #0 - TITLE STATEMENT
Title Introduction to partial differential equations: A computational approach
260 ## - PUBLICATION, DISTRIBUTION, ETC. (IMPRINT)
Place of publication, distribution, etc New York
Name of publisher, distributor, etc Springer (India)
Date of publication, distribution, etc 2005
300 ## - PHYSICAL DESCRIPTION
Pages xv, 392 p.
500 ## - GENERAL NOTE
General note 3048 23/02/2018 RBP18/69419 09/03/2018 Main Budget
942 ## - ADDED ENTRY ELEMENTS (KOHA)
Koha item type Books
Holdings
Withdrawn status Lost status Damaged status Not for loan Location (home branch) Sublocation or collection (holding branch) Date acquired Koha issues (times borrowed) Koha full call number Accession No. Koha date last seen Koha item type
        VIVEKANANDA LIBRARY VIVEKANANDA LIBRARY 20/04/2018   515.353 T899I 372640 17/09/2023 Books
© Designed and Maintained by Vivekananda Library, MDU Rohtak